[Event "Israel Team Ch Under 18"]
[Site "Jerusalem"]
[Date "2017.08.13"]
[Round "1"]
[White "Tillinger, Aviv"]
[Black "Tzidkiya, Yeshaayahu"]
[Result "1/2-1/2"]
[WhiteElo "1815"]
[BlackElo "2156"]
[Annotator "TA"]
[PlyCount "117"]
[EventDate "2017.??.??"]
[EventType "swiss"]
[EventCountry "ISR"]
[SourceTitle "playchess.com"]
[Source "ChessBase"]
[SourceQuality "1"]

{[%evp 28,117,53,25,52,20,34,-6,27,22,26,-50,-44,-37,-41,-33,-20,-31,-11,-70,-63,-60,-62,-151,-12,-63,-61,-74,-69,-81,-82,-85,-62,-58,-60,-77,0,-26,0,-172,-171,-310,-290,-264,-189,-189,-189,-292,-170,-186,-185,-225,-224,-230,-216,-274,-239,-443,-212,-276,-251,-267,-262,-340,-345,-312,-272,-370,-236,-352,-266,-297,-302,-295,-289,-286,-277,-556,-25,-29991,-208,-204,-62,-1670,0,0,0,0,0,0,0,0]} 1. e4 c5 2. Nf3 e6 3. d4 cxd4 4. Nxd4 a6 5. Nc3 Qc7 6. g3 Nf6 7. Bg2 Be7 8. O-O O-O 9. a4 d6 10. f4 Nc6 11. Nb3 b6 12. g4 Bb7 {B80: Sicilian Scheveningen: 6 g3 and 6 Be3, including English Attack} 13. g5 Nd7 14. Qh5 Rfe8 15. Be3 {LiveBook: 6 Games} Nb4 (15... g6 16. Qh3 Bf8 17. Rf2 Na5 18. Raf1 Nc4 19. Bc1 {½-½ (44) Popilski,G (2518)-Negi,P (2638) Cappelle-la-Grande 2013}) 16. Rac1 $146 ({Predecessor:} 16. Rf2 g6 17. Qh6 Bf8 18. Qh4 Bg7 19. Bd4 e5 20. fxe5 Nxe5 {½-½ (40) Vogelmann,P-Jansa,V (2525) Eupen 1995}) 16... d5 17. e5 (17. f5 {feels hotter.} Ne5 18. f6 g6 19. Qh4 Bd6 20. Bf4) 17... Nf8 (17... g6 $5 {[%cal Rg6h5]} 18. Qh3 Nc5 $11) 18. Nd4 Nc6 19. b3 (19. Nce2 $11) 19... Nxd4 $15 20. Bxd4 Ba3 21. Rcd1 Bc5 {White must now prevent ...Bxd4+.} 22. Ne2 Rac8 23. Kh1 ({White should play} 23. Rf3 $11) 23... a5 $1 24. Qf3 Ba6 25. Bb2 (25. Rf2 $15) 25... Be7 (25... Ng6 $17 {Threatens to win with ...Nh4.} 26. Rfe1 Nh4) 26. Rc1 (26. Rf2 $11) 26... Ng6 {[%cal Bf8g6,Bg6h4,Bh4g2][%mdl 32]} 27. Rfe1 Nh4 28. Qg4 Nxg2 29. Kxg2 Qb7 30. Nd4 Bc5 31. Qf3 Be7 (31... b5 $17 {aiming for ...bxa4.} 32. axb5 Bxb5) 32. Re3 Bb4 {next ...Bd2 is good for Black.} 33. Kh1 $2 (33. Qf2 $11 {and White stays safe.}) 33... Bd2 $1 $19 {[%csl LRc1,LRe3]} 34. Rd1 (34. Kg1 $142) 34... Bxe3 35. Qxe3 b5 36. axb5 Bxb5 37. Rg1 {[#]} (37. Bc3 $142) 37... Bd7 (37... Rxc2 $142 $1 {[%mdl 512]} 38. Rb1 (38. Nxc2 d4+) 38... Rec8) 38. Qd3 a4 39. Ba3 axb3 40. cxb3 Ra8 41. Bd6 Rec8 42. Qe3 $2 {[#]} (42. h4) 42... Qa7 (42... Rc2 $142 $1 {[%mdl 512]} 43. Rd1 {[#]} (43. Nxc2 d4+) 43... Raa2 $1 {[%mdl 512]}) 43. Re1 Qa5 44. b4 Qa6 45. Rb1 Bb5 46. Rd1 Qa4 47. Rg1 Bc4 48. Re1 (48. f5 {was the only chance.}) 48... Qa6 49. f5 Bd3 50. fxe6 {Threatening b5!} Be4+ 51. Kg1 fxe6 52. Nxe6 $2 (52. b5 {keeps fighting.} Qa2 53. Qe2) 52... Qa3 $2 (52... Rc2 $19 53. Nf4 Qc8) 53. Qf4 $2 {[%mdl 8192]} (53. Qxa3 $11 Rxa3 54. Nc5) 53... Qc3 $2 (53... Qb2 {mates} 54. Qf2 Rc2 55. Qxc2 Qxc2 56. Nf4 Qd2 57. Kf1 Qxf4+ 58. Kg1 Qf3 59. Rxe4 Ra1+ 60. Re1 Rxe1#) 54. Rf1 {Threatening mate with Qf7+.} Bg6 ({Black should try} 54... Kh8 $19 55. Bf8 Ra7) 55. Nxg7 $2 {[%mdl 8192]} (55. Nc7 $15 Ra1 56. e6) 55... Kxg7 $2 ({Better is} 55... Rc4 $19 56. Rf3 Qa1+ 57. Rf1 Rxf4 58. Rxa1 Rxa1+ 59. Kg2 Ra3 60. Nf5 Bxf5 61. h4 Be4+ 62. Kg1 Rh3 63. Be7 Rh1#) 56. Qf6+ $11 {The position is equal.} Kg8 57. Qe6+ Kh8 {( -> ...Qe3+)} 58. Qf6+ Kg8 59. Qe6+ {Precision: White = 19%, Black = 43%.} 1/2-1/2

[Event "Israel Team Ch Under 18"]
[Site "Jerusalem"]
[Date "2017.08.13"]
[Round "1"]
[White "Barak, Gil"]
[Black "Bronstein, Paz"]
[Result "1-0"]
[WhiteElo "1809"]
[BlackElo "1468"]
[Annotator "NA RC"]
[PlyCount "27"]
[EventDate "2017.??.??"]
[EventType "swiss"]
[EventCountry "ISR"]
[SourceTitle "playchess.com"]
[Source "ChessBase"]
[SourceQuality "1"]
[TimeControl "40/5400+30:1800+30"]

1. e4 d6 2. d4 Nf6 3. Nc3 g6 4. h3 Bg7 5. Nf3 O-O 6. Be3 Nbd7 7. Be2 c6 8. a4 Qc7 9. O-O Re8 10. Qd2 {LiveBook: 7 Games} a6 11. Rfe1 $14 e5 12. dxe5 dxe5 13. a5 Nf8 14. Red1 1-0

[Event "Israel Team Ch Under 18"]
[Site "Jerusalem"]
[Date "2017.08.13"]
[Round "1"]
[White "Caspi, Nimi"]
[Black "Solomon, Asif"]
[Result "1/2-1/2"]
[WhiteElo "1780"]
[BlackElo "2041"]
[Annotator "NA RC"]
[PlyCount "68"]
[EventDate "2017.??.??"]
[EventType "swiss"]
[EventCountry "ISR"]
[SourceTitle "playchess.com"]
[Source "ChessBase"]
[SourceQuality "1"]
[TimeControl "40/5400+30:1800+30"]

{[%evp 21,63,60,68,59,102,32767,32767,32767,40,33,43,-10,55,32767,48,33,39,43,42,10,21,11,56,33,32767,22,32767,32767,32767,32767,0,-13,0,0,0,0,0,0,238,286,295,299,271,207]} 1. e4 {[%emt 0:40:12]} c5 {[%emt 0:40:52]} 2. Nf3 {[%emt 0:00:24]} d6 {[%emt 0:00:24]} 3. d4 {[%emt 0:00:24]} cxd4 {[%emt 0:00:24]} 4. Nxd4 {[%emt 0:00:24]} Nf6 {[%emt 0:00:27]} 5. Nc3 {[%emt 0:00:34]} a6 {[%emt 0:00:28]} 6. Be2 {[%emt 0:00:34]} e5 {[%emt 0:00:37]} 7. Nb3 {[%emt 0:00:24]} Be7 {[%emt 0:00:36]} 8. Be3 {[%emt 0:00:33]} O-O {[%emt 0:00:55]} 9. O-O {[%emt 0:00:45]} b5 {[%emt 0:04:33]} 10. Nd5 {[%emt 0:11:38] B92: Sicilian Najdorf: 6 Be2} (10. a4 b4 11. Nd5 Bb7 12. Bb6 Qd7 13. Nc7 Nxe4 14. Bf3 f5 15. Na5 Bc6 16. Nxc6 Qxc6 17. a5 Nd7 18. Nxa8 Rxa8 {1-0 (82) Savchenko,B (2568)-Andriasian,Z (2460) Internet 2006}) 10... Nbd7 {[%emt 0:06:24]} 11. Nxe7+ {[%emt 0:05:23]} Qxe7 {[%emt 0:00:38]} 12. f3 {[%emt 0:08:15]} Nc5 {[%emt 0:06:17]} (12... Qe6 $14) 13. Qd2 {[%emt 0:12:28]} Be6 {[%emt 0:03:00]} 14. Rfd1 $146 {[%emt 0:01:33]} ({Predecessor:} 14. Nxc5 dxc5 15. b3 Nd7 {½-½ (15) Thielemann,F (1447)-Schmieder,W (1582) Bad Sooden 2003}) 14... Nxb3 {[%emt 0:02:45]} 15. axb3 {[%emt 0:01:29]} d5 {[%emt 0:01:11]} 16. Bg5 {[%emt 0:03:13]} Rfd8 {[%emt 0:05:47]} ({Better is} 16... dxe4 $11 17. fxe4 Qc5+ 18. Qe3 (18. Be3 Qc6 $11) 18... Qxc2) 17. exd5 {[%emt 0:03:16]} Bxd5 {[%emt 0:05:40]} 18. Qe3 {[%emt 0:01:46]} h6 {[%emt 0:02:34]} 19. Bh4 {[%emt 0:02:38]} Qe6 {[%emt 0:02:30]} 20. Bxf6 {[%emt 0:01:20]} Qxf6 {[%emt 0:00:34]} 21. c4 {[%emt 0:00:29]} bxc4 {[%emt 0:05:46]} 22. bxc4 {[%emt 0:00:31]} Bb7 {[%emt 0:00:50]} 23. Rxd8+ {[%emt 0:01:56]} Rxd8 {[%emt 0:00:53]} 24. Rd1 {[%emt 0:00:29]} Rxd1+ {[%emt 0:00:47]} 25. Bxd1 {[%emt 0:00:21]} e4 {[%emt 0:01:05]} 26. Bc2 {[%emt 0:01:16]} Qxb2 {[%emt 0:01:16]} 27. Bxe4 {[%emt 0:00:27]} Qa1+ {[%emt 0:01:05]} 28. Kf2 {[%emt 0:00:22]} Qb2+ {[%emt 0:01:36]} 29. Kg3 {[%emt 0:00:35]} Qe5+ $2 {[%emt 0:00:48]} (29... Bxe4 $11 30. Qxe4 Qb8+ 31. f4 Qb3+ 32. Kh4 Qa4) 30. Qf4 {[%emt 0:00:48]} Qxf4+ {[%emt 0:01:17]} 31. Kxf4 {[%emt 0:00:21]} g5+ {[%emt 0:02:40]} 32. Ke3 $18 {[%emt 0:00:27]} Bxe4 {[%emt 0:01:26]} 33. Kxe4 {[%emt 0:00:20]} Kf8 {[%emt 0:00:32]} 34. Kd5 {[%emt 0:00:27]} Ke7 1/2-1/2

[Event "Israel Team Ch Under 18"]
[Site "Jerusalem"]
[Date "2017.08.13"]
[Round "1"]
[White "Sassoon, Roei"]
[Black "Gorodetzky, David"]
[Result "*"]
[WhiteElo "1779"]
[BlackElo "2409"]
[Annotator "TA"]
[PlyCount "37"]
[EventDate "2017.??.??"]
[EventType "swiss"]
[EventCountry "ISR"]
[SourceTitle "playchess.com"]
[Source "ChessBase"]
[SourceQuality "1"]

{[%evp 11,12,14,15]} 1. d4 d5 2. c4 e6 3. Nf3 Nf6 4. g3 dxc4 5. Bg2 Be7 6. O-O O-O {LiveBook: 7241 Games} {Find the theoretical novelty and annotate with similar games:} 7. Qc2 $146 a6 8. a4 Bd7 9. Qxc4 Bc6 10. Bf4 Nbd7 11. Nc3 Bd6 12. a5 Bxf4 13. gxf4 Nd5 14. e3 Nxc3 15. Qxc3 Bxf3 16. Bxf3 c6 17. Kh1 Qe7 18. Rg1 g6 19. Rg5 {½-½ (80) Aronian,L (2793)-Kramnik,V (2808) Leuven 2017} *

[Event "Israel Team Ch Under 18"]
[Site "Jerusalem"]
[Date "2017.08.13"]
[Round "1"]
[White "Sassoon, Roei"]
[Black "Gorodetzky, David"]
[Result "1-0"]
[WhiteElo "1779"]
[BlackElo "2409"]
[Annotator "TA"]
[PlyCount "51"]
[EventDate "2017.??.??"]
[EventType "swiss"]
[EventCountry "ISR"]
[SourceTitle "playchess.com"]
[Source "ChessBase"]
[SourceQuality "1"]

{[%evp 18,51,37,20,28,16,10,0,5,3,73,-37,66,-33,-23,-43,0,0,0,-15,-9,-9,0,-10,-4,-17,199,221,198,198,244,236,196,188,510,498]} 1. d4 e6 2. c4 d5 3. Nc3 Nf6 4. cxd5 exd5 5. Bg5 Be7 6. e3 O-O 7. Bd3 Nbd7 8. Nf3 b6 9. O-O Bb7 10. Qe2 {LiveBook: 5 Games} c5 {D55: Queen's Gambit Declined: 4 Bg5 Be7: Lines without ...h6 and 6...h6 7 Bxf6} 11. Bf4 $146 ({Find the theoretical novelty and annotate with similar games:} 11. Ba6 Qc8 12. Bxb7 Qxb7 13. dxc5 bxc5 {½-½ (13) Arkhipov,S (2515)-Hracek,Z (2460) Kecskemet 1992}) 11... Nh5 12. Be5 (12. Qc2 {keeps more tension.} h6 13. Be5 Nhf6 14. Rfd1 c4 15. Bf5) 12... Nxe5 {The position is equal.} 13. dxe5 g6 (13... Qc8 $11) 14. Rad1 (14. Ba6 $16 Qd7 15. Bxb7 Qxb7 16. Qd2) 14... Qc7 (14... Qc8 $1 $15) 15. g4 ({White should play} 15. Ba6 $14) 15... Ng7 16. e4 dxe4 17. Bxe4 Rad8 18. Nd5 Bxd5 $1 19. Bxd5 Qc8 20. Qe4 Ne6 21. Rd2 Ng5 $2 (21... Nc7 $11 {and Black has nothing to worry.} 22. Rfd1 Rxd5 23. Rxd5 Nxd5 24. Rxd5 Qe6) 22. Nxg5 $18 Bxg5 23. f4 $1 {[%cal Rf4g5]} Bh6 {[#]} 24. g5 $1 {[%cal Rg5h6]} Bg7 {[#]} 25. e6 $1 {[%cal Be5e6,Be6e7][%mdl 32]} Kh8 $2 (25... Rxd5 {is tougher.} 26. exf7+ (26. Rxd5 fxe6 27. Rd6 Bxb2 $14) 26... Rxf7 27. Rxd5 (27. Qxd5 Bd4+ 28. Kh1 Kg7 $16) 27... Bd4+ 28. Kh1 Qb7 29. Rd8+ Kg7 30. Qxb7 Rxb7) 26. e7 {Precision: White = 46%, Black = 23%.} 1-0

[Event "Israel Team Ch Under 18"]
[Site "Jerusalem"]
[Date "2017.08.13"]
[Round "1"]
[White "Sonzenevich, Matan"]
[Black "Cohen Revivo, Shoham"]
[Result "0-1"]
[WhiteElo "1734"]
[BlackElo "2186"]
[Annotator "TA"]
[PlyCount "19"]
[EventDate "2017.??.??"]
[EventType "swiss"]
[EventCountry "ISR"]
[SourceTitle "playchess.com"]
[Source "ChessBase"]
[SourceQuality "1"]

{[%evp 12,19,-13,-22,-17,-16,-15,-16,-27,-18]} 1. e4 e6 2. d4 d5 3. Nd2 Nc6 4. Ngf3 Nf6 5. Bd3 Nb4 6. Qe2 {C04: French Tarrasch: 3...Nc6} Nxd3+ 7. Qxd3 {LiveBook: 3 Games} Be7 (7... dxe4 8. Nxe4 Be7 9. Bd2 O-O 10. O-O-O b6 11. Ne5 Bb7 12. f3 Qd5 13. Nc3 {1-0 (83) Kosintseva,T (2483)-Paehtz,E (2485) Beijing 2014}) 8. O-O O-O 9. c4 dxe4 $146 ({Predecessor:} 9... c5 10. dxc5 dxe4 11. Qxd8 Rxd8 12. Ng5 e3 13. fxe3 Bxc5 {0-1 (55) Hu,Y (1720)-Mu,K (2290) Hefei 2011}) 10. Nxe4 {[%mdl 32768] Loss on Time!?} 0-1

[Event "Israel Team Ch Under 18"]
[Site "Jerusalem"]
[Date "2017.08.13"]
[Round "1"]
[White "Shapira, Gal"]
[Black "Parkhov, Yair"]
[Result "1-0"]
[WhiteElo "1651"]
[BlackElo "2382"]
[Annotator "TA"]
[PlyCount "38"]
[EventDate "2017.??.??"]
[EventType "swiss"]
[EventCountry "ISR"]
[SourceTitle "playchess.com"]
[Source "ChessBase"]
[SourceQuality "1"]

{[%evp 21,25,19,0,16,60,-26]} 1. d4 Nf6 2. Nf3 e6 3. e3 d5 4. Bd3 Be7 5. O-O O-O 6. b3 Nbd7 7. Bb2 b6 8. Nbd2 Bb7 9. Ne5 c5 10. f4 Ne4 11. Nxe4 dxe4 12. Bc4 {D05: Colle System with ...e6} (12. Be2 cxd4 13. Nxd7 Qxd7 14. Qxd4 Qxd4 15. Bxd4 Rac8 16. c4 Rfd8 17. Rfd1 f6 18. Kf2 Kf7 19. Bc3 h6 20. Bd4 {1-0 (46) Zorko,J (2454)-Zakhartsov,V (2453) Tallinn 2016}) 12... Nf6 13. Qe1 {[%mdl 32768] Loss on Time!?} (13. f5 $14 exf5 14. Rxf5) {Predecessor:} 13... Nd5 $146 14. Qg3 f6 15. Ng4 Kh8 16. Nf2 Nc7 17. Qh3 Qd7 18. Rad1 b5 19. Be2 Qc6 {½-½ (41) Chybarov,D (2120)-Melnichuk,M (2310) Ukraine 2010} 1-0

[Event "Israel Team Ch Under 18"]
[Site "Jerusalem"]
[Date "2017.08.13"]
[Round "1"]
[White "Zach, Asif"]
[Black "Vazana, Yochay"]
[Result "0-1"]
[WhiteElo "1600"]
[BlackElo "1909"]
[Annotator "NA RC"]
[PlyCount "58"]
[EventDate "2017.??.??"]
[EventType "swiss"]
[EventCountry "ISR"]
[SourceTitle "playchess.com"]
[Source "ChessBase"]
[SourceQuality "1"]
[TimeControl "40/5400+30:1800+30"]

1. e4 c5 2. Nf3 e6 3. d4 cxd4 4. Nxd4 Nf6 5. Nc3 Nc6 6. f3 Bc5 {B45: Sicilian Four Knights} (6... Bb4 7. a3 Bxc3+ 8. bxc3 O-O 9. Bg5 Ne5 10. Be2 Ng6 11. c4 h6 12. Be3 d5 13. exd5 exd5 14. O-O {½-½ (36) Salvador Marques,C (2351)-Destruels Moreno,V (2370) ICCF email 2012}) 7. Be3 (7. Nxc6 $14 bxc6 8. e5) 7... Qb6 8. Na4 Qa5+ 9. c3 Be7 (9... Bxd4 $5 10. Bxd4 Nxd4 11. Qxd4 d6 $11) 10. b4 $146 ({Predecessor:} 10. Nxc6 bxc6 11. b4 Qc7 12. Bd3 O-O 13. f4 e5 14. O-O {0-1 (45) Dai,I (1548)-Kanakova,N (1945) Batumi 2014}) 10... Qc7 11. Nb5 (11. b5 $14) 11... Qe5 ({Better is} 11... Qb8 $15) 12. Qd2 g5 13. Bc5 $2 (13. h4 $18 {is more deadly.}) 13... d5 14. Bxe7 $2 (14. h4 $16) 14... Kxe7 15. Be2 dxe4 16. O-O e3 (16... Rd8 $17 17. Qe3 b6 18. fxe4 Ba6) 17. Qb2 Bd7 18. Nc5 b6 (18... a6 $11 19. Nd4 Rhd8) 19. Nb3 $2 (19. Nd3 $1 $14 {was the only good move.} Qb8 20. c4) 19... Nd5 20. N3d4 Nf4 21. Nxc6+ $19 (21. g3 $17 {might work better.}) 21... Bxc6 22. Nd4 Bb7 23. Rad1 Rac8 24. Qa3 Rhd8 25. Qxa7 Qc7 26. Nb5 Nxe2+ 27. Kh1 Qc6 28. Qa3 Rxd1 29. Rxd1 Qxf3 0-1

[Event "Israel Team Ch Under 18"]
[Site "Jerusalem"]
[Date "2017.08.13"]
[Round "2"]
[White "Aroesti, Roee"]
[Black "Gorshtein, Ido"]
[Result "*"]
[WhiteElo "2304"]
[BlackElo "2148"]
[Annotator "NA"]
[PlyCount "34"]
[EventDate "2017.??.??"]
[EventType "swiss"]
[EventCountry "ISR"]
[SourceTitle "playchess.com"]
[Source "ChessBase"]
[SourceQuality "1"]
[TimeControl "40/5400+30:1800+30"]

1. e4 {[%emt 0:40:12]} c5 {[%emt 0:40:47]} 2. Nf3 {[%emt 0:00:22]} d6 {[%emt 0:00:36]} 3. d4 {[%emt 0:00:32]} cxd4 {[%emt 0:00:24]} 4. Nxd4 {[%emt 0:00:25]} Nf6 {[%emt 0:00:24]} 5. Nc3 {[%emt 0:00:26]} g6 {[%emt 0:00:26]} 6. Be3 {[%emt 0:00:25]} Bg7 {[%emt 0:00:29]} 7. Be2 {[%emt 0:00:22]} Nc6 {[%emt 0:00:30]} 8. Qd2 {[%emt 0:00:27]} Ng4 {[%emt 0:00:45]} 9. Bxg4 {[%emt 0:00:23]} Bxg4 {[%emt 0:00:25]} 10. f3 {[%emt 0:00:32]} Bd7 {[%emt 0:00:56]} 11. O-O-O {[%emt 0:00:33]} Ne5 {[%emt 0:02:14]} 12. b3 {[%emt 0:00:30]} Qa5 {[%emt 0:02:08]} 13. Kb1 {[%emt 0:00:52]} Nc6 {[%emt 0:02:34]} 14. Nd5 {[%emt 0:02:17]} Qxd2 {[%emt 0:00:50]} 15. Rxd2 {[%emt 0:00:22]} Bxd4 {[%emt 0:03:27]} 16. Bxd4 {[%emt 0:00:44]} Nxd4 {[%emt 0:00:43]} 17. Rxd4 {[%emt 0:00:28]} Rc8 $11 {[%emt 0:01:02]} *

[Event "Israel Team Ch Under 18"]
[Site "Jerusalem"]
[Date "2017.08.13"]
[Round "2"]
[White "Friedland, Moshe"]
[Black "Erenberg, Ariel"]
[Result "0-1"]
[WhiteElo "2264"]
[BlackElo "2386"]
[Annotator "TA"]
[PlyCount "39"]
[EventDate "2017.??.??"]
[EventType "swiss"]
[EventCountry "ISR"]
[SourceTitle "playchess.com"]
[Source "ChessBase"]
[SourceQuality "1"]

{[%evp 25,27,39,65,54]} 1. e4 Nc6 2. Nf3 e5 3. Bc4 Bc5 4. c3 Nf6 5. d3 d6 6. Bb3 h6 7. Nbd2 O-O 8. h3 a6 9. O-O Ba7 10. Re1 Ne7 11. Nf1 Ng6 12. Ng3 c6 {C54: Giuoco Piano: 4 c3 Nf6, main lines with 5 d4 and 5 d3} (12... Be6 13. Bc2 c5 14. Be3 Re8 15. d4 cxd4 16. cxd4 Qa5 17. a3 b5 18. Bb3 Bxb3 19. Qxb3 Qc7 20. Rac1 {½-½ (49) Geller,J (2505)-Kamsky,G (2676) Sochi 2017}) 13. d4 Qc7 {LiveBook: 13 Games} 14. Be3 {[%mdl 32768] Loss on Time!?} {Predecessor:} Re8 $146 15. Qd2 Kh7 16. Rad1 Be6 17. Qc2 Bxb3 18. axb3 exd4 19. Bxd4 Bxd4 20. Nxd4 {½-½ (42) Karavade,E (2397)-Yildiz,B (2326) Kocaeli 2017} 0-1

[Event "Israel Team Ch Under 18"]
[Site "Jerusalem"]
[Date "2017.08.13"]
[Round "2"]
[White "Globus, Or"]
[Black "Avineri, Paz"]
[Result "1-0"]
[WhiteElo "2259"]
[BlackElo "1807"]
[Annotator "TA"]
[PlyCount "43"]
[EventDate "2017.??.??"]
[EventType "swiss"]
[EventCountry "ISR"]
[SourceTitle "playchess.com"]
[Source "ChessBase"]
[SourceQuality "1"]

{[%evp 23,43,20,22,35,67,15,58,58,97,48,166,2,67,58,215,129,133,127,126,120,101,115]} 1. d4 Nf6 2. c4 e6 3. g3 d5 4. Nf3 Be7 5. Bg2 O-O 6. O-O dxc4 7. Qc2 a6 8. Qxc4 b5 9. Qc2 Bb7 10. Bd2 Nbd7 11. Ba5 Nb6 12. Nbd2 Rc8 $1 {LiveBook: 15 Games} 13. Rac1 {E05: Open Catalan: 5 Nf3 Be7} (13. Qd3 Bd5 14. b3 h6 15. Rac1 Ba3 16. Rc2 Be7 17. e4 Bb7 18. Qe3 Nfd7 19. Rfc1 Ba3 20. Rd1 Bd6 {0-1 (57) Mareco,S (2635)-Lu,S (2627) Doha 2016}) 13... g6 14. e3 $146 (14. Rfd1 $14) ({Predecessor:} 14. Rfd1 Re8 15. e3 Bf8 16. a3 h6 17. b4 Bg7 18. Ne5 Bxg2 19. Kxg2 Qd5+ 20. Kg1 Nfd7 21. Nxd7 Qxd7 {0-1 (113) Tugarin,A (2014)-Chehlov,A (2211) St Petersburg 2011}) 14... Bd6 15. Rfd1 {White is slightly better.} Qe7 16. a3 {Strongly threatening e4.} Nbd7 {[#]} ({Black should play} 16... Nfd7 $14) 17. Nb3 $2 (17. e4 $1 $18) 17... Bd5 (17... c5 $11) 18. Nc5 $1 $14 c6 $2 (18... Bxc5 $14 19. dxc5 c6) 19. e4 {[%cal Be3e4,Be4d5,Bd5c6][%mdl 32]} Bxc5 20. exd5 Bb6 21. Bxb6 Nxb6 22. dxc6 {Precision: White = 25%, Black =  5%.} 1-0

[Event "Israel Team Ch Under 18"]
[Site "Jerusalem"]
[Date "2017.08.13"]
[Round "2"]
[White "Cohen Revivo, Shoham"]
[Black "Lahav, Michal"]
[Result "1/2-1/2"]
[WhiteElo "2186"]
[BlackElo "2140"]
[Annotator "TA"]
[PlyCount "45"]
[EventDate "2017.??.??"]
[EventType "swiss"]
[EventCountry "ISR"]
[SourceTitle "playchess.com"]
[Source "ChessBase"]
[SourceQuality "1"]

{[%evp 17,45,14,18,0,-11,-14,13,0,0,-17,0,0,0,0,0,0,0,-19,-14,-50,-11,-16,-9,-4,-4,-5,-4,-12,0,-55]} 1. e4 e6 2. d4 d5 3. e5 c5 4. c3 Nc6 5. Nf3 Nge7 6. Na3 cxd4 7. cxd4 Nf5 8. Nc2 Bd7 9. Bd3 Qb6 {[%cal Rf5d4] LiveBook: 24 Games. C02: French: Advance Variation} 10. Bxf5 (10. O-O a5 11. Kh1 Rc8 12. Rb1 h6 13. Bd2 Be7 14. b4 axb4 15. Nxb4 Nxb4 16. Bxb4 Bxb4 {½-½ (34) Efimenko,Z (2649)-Lupulescu,C (2630) Germany 2014}) 10... exf5 11. O-O Be6 12. a3 $146 (12. b4 $5) ({Predecessor:} 12. Qe2 Be7 13. Bg5 Bf8 14. Qd3 h6 {0-1 (33) Birovecz,B (1745)-Harreth,S (2080) Budapest 2016}) 12... h6 13. h4 a5 14. Qd3 Qd8 15. Bd2 Be7 16. h5 O-O 17. Rfe1 Qd7 18. b4 a4 (18... f4 $5) 19. Bf4 {The position is equal.} Rfc8 20. Ne3 Na7 21. Rac1 Nb5 22. Nd2 Rc6 23. Ndf1 {Precision: White = 48%, Black = 53%.} (23. Rxc6 $11 bxc6 24. Nf3) 1/2-1/2

[Event "Israel Team Ch Under 18"]
[Site "Jerusalem"]
[Date "2017.08.13"]
[Round "2"]
[White "Tzidkiya, Yeshaayahu"]
[Black "Feldman, Anthony"]
[Result "*"]
[WhiteElo "2156"]
[BlackElo "1975"]
[Annotator "ChessBase"]
[PlyCount "31"]
[EventDate "2017.??.??"]
[EventType "swiss"]
[EventCountry "ISR"]
[SourceTitle "playchess.com"]
[Source "ChessBase"]
[SourceQuality "1"]
[TimeControl "40/5400+30:1800+30"]

1. e4 c6 2. d4 d5 3. exd5 cxd5 4. Nc3 Nc6 5. Bf4 a6 6. Nf3 Bg4 7. Be2 Nf6 8. O-O e6 9. Ne5 Bf5 10. Nxc6 bxc6 11. Na4 Be7 12. Nc5 Qb6 13. b4 O-O 14. a3 a5 15. c3 Ra7 16. Qd2 *

[Event "Israel Team Ch Under 18"]
[Site "Jerusalem"]
[Date "2017.08.13"]
[Round "2"]
[White "Gorshtein, Ido"]
[Black "Aroesti, Roee"]
[Result "1-0"]
[WhiteElo "2148"]
[BlackElo "2304"]
[Annotator "TA"]
[PlyCount "66"]
[EventDate "2017.??.??"]
[EventType "swiss"]
[EventCountry "ISR"]
[SourceTitle "playchess.com"]
[Source "ChessBase"]
[SourceQuality "1"]

{[%evp 22,66,20,17,20,20,20,20,20,20,20,20,20,20,20,20,20,20,20,20,37,20,37,20,37,0,36,17,25,0,25,4,17,17,35,37,81,41,67,33,34,25,85,58,173,192,175]} 1. e4 c5 2. Nf3 d6 3. d4 cxd4 4. Nxd4 Nf6 5. Nc3 g6 6. Be3 Bg7 7. Be2 Nc6 8. Qd2 Ng4 9. Bxg4 Bxg4 10. f3 Bd7 {B72: Sicilian Dragon: 6 Be3, lines with h3+Bc4 and sidelines} 11. O-O-O (11. h4 Ne5 12. b3 Rc8 13. h5 gxh5 14. Rxh5 Qa5 15. Nd5 Qxd2+ 16. Kxd2 e6 17. Nf4 Ng6 18. Nd3 {1-0 (48) Vachier Lagrave,M (2796)-Jones,G (2665) chess.com INT 2017}) 11... Ne5 12. b3 {LiveBook: 4 Games} Qa5 {The position is equal.} 13. Kb1 Nc6 $146 ({Predecessor:} 13... Rc8 14. Nd5 Qxd2 15. Rxd2 b5 16. Ne2 Nc6 17. h4 f5 18. h5 gxh5 {½-½ (29) Morawietz,D (2390)-Fleck,J (2329) Germany 2015}) 14. Nd5 Qxd2 15. Rxd2 {[#] Nc7+ is the strong threat.} Bxd4 16. Bxd4 Nxd4 17. Rxd4 {Black must now prevent Nc7+.} Rc8 18. a4 f6 19. Kb2 Kf7 20. c4 Rc6 21. Rhd1 a5 22. Nc3 Be6 23. Nd5 h5 24. Kc3 h4 25. Rb1 Rh5 26. Nf4 Rg5 27. Rb2 Bc8 {[#] And now ...e5 would win.} 28. Rd5 Be6 29. Nxe6 (29. Rxg5 {is interesting.} fxg5 30. Nd5 Rc8 31. Rd2 Rf8 32. h3) 29... Kxe6 30. Rxg5 fxg5 31. b4 axb4+ (31... Ra6 $11) 32. Rxb4 $16 Rc7 (32... Ra6 $14) 33. Rb5 $18 Kf6 {Precision: White = 44%, Black = 31%.} 1-0